| Tag |
First Indicator |
Second Indicator |
Subfields |
| LEADER |
00000cam a2200000 a 4500 |
| 001 |
in00001253421 |
| 005 |
20151003082233.0 |
| 008 |
950308s1995 mduab b 001 0 eng d |
| 010 |
|
|
|a 95075761
|
| 020 |
|
|
|a 0801852021
|
| 035 |
|
|
|a (OCoLC)33022931
|
| 035 |
|
|
|9 AGU5835AM
|
| 040 |
|
|
|a AAP
|c DLC
|d TXA
|d UtOrBLW
|
| 042 |
|
|
|a lccopycat
|
| 043 |
|
|
|a e-uk-en
|
| 049 |
|
|
|a TXAM
|
| 050 |
0 |
4 |
|a VM17
|b .F75 1995
|
| 082 |
0 |
0 |
|a 623.8/2/009420902
|2 20
|
| 100 |
1 |
|
|a Friel, Ian.
|
| 245 |
1 |
4 |
|a The good ship :
|b ships, shipbuilding and technology in England, 1200-1520 /
|c Ian Friel.
|
| 246 |
3 |
0 |
|a Ships, shipbuilding and technology in England, 1200-1520
|
| 264 |
|
1 |
|a Baltimore :
|b Johns Hopkins University Press,
|c [1995]
|
| 264 |
|
4 |
|c ©1995
|
| 300 |
|
|
|a 208 pages :
|b illustrations, maps ;
|c 26 cm.
|
| 336 |
|
|
|a text
|b txt
|2 rdacontent
|
| 337 |
|
|
|a unmediated
|b n
|2 rdamedia
|
| 338 |
|
|
|a volume
|b nc
|2 rdacarrier
|
| 504 |
|
|
|a Includes bibliographical references (pages 196-200) and index.
|
| 650 |
|
0 |
|a Ships, Medieval
|z England.
|
| 650 |
|
0 |
|a Shipbuilding
|z England
|x History.
|
| 999 |
|
|
|a MARS
|
| 999 |
f |
f |
|s 53fd8235-d318-307a-a6a0-c948467f0ab2
|i 9e323373-197d-3f73-b268-e208c34b76a9
|t 0
|
| 952 |
f |
f |
|p normal
|a Texas A&M University
|b Galveston Campus
|c Jack K. Williams Library
|d Galveston Stacks
|t 0
|e VM17 .F75 1995
|h Library of Congress classification
|i unmediated -- volume
|m 33620000900536
|
| 952 |
f |
f |
|p normal
|a Texas A&M University
|b College Station
|c Sterling C. Evans Library
|d Evans: Library Stacks
|t 0
|e VM17 .F75 1995
|h Library of Congress classification
|i unmediated -- volume
|m A14819858310
|
| 998 |
f |
f |
|a VM17 .F75 1995
|t 0
|l Evans: Library Stacks
|
| 998 |
f |
f |
|a VM17 .F75 1995
|t 0
|l Galveston Stacks
|